| 000 | 00000nas##2200000za#4500 |
| 001 | 9.515117 |
| 003 | CaOODSP |
| 005 | 20210927150249 |
| 007 | ta |
| 008 | 150406c2002||||xxc|| p #||||f| |0eng|d |
| 022 | |a1704-4286 |
| 040 | |aCaOODSP|beng |
| 043 | |an-cn--- |
| 086 | 1 |aR12-19E |
| 110 | 1 |aCanada. |bIndian and Northern Affairs Canada. |
| 245 | 10|aUpdate : |bdevelopments of interest to Aboriginal people |
| 246 | 1 |iVariant title : |aUpdate : news of interest to Aboriginal people from the government of Canada |
| 260 | |aOttawa - Ontario : |bIndian and Northern Affairs |
| 310 | |aIrregular |
| 362 | 1 |aWinter, 2002- |
| 500 | |aIrregular. Title from caption. Subtitle varies. |
| 520 | 3 |aThis quarterly newsletter provides news and inspirational stories for and about Aboriginal people. Topics covered include business and economic development; arts and culture; education and training; and a variety of social services. Includes information on job opportunities and new resources. |
| 563 | |aPamphlet |
| 775 | 08|tDernières nouvelles : |w(CaOODSP)9.513446 |
| 776 | 0#|tUpdate : |w(CaOODSP)9.505229 |